| 000 | 02204nam a2200433 c 4500 | ||
|---|---|---|---|
| 003 | BLK | ||
| 005 | 20231215180843.0 | ||
| 008 | 180408b bul|||||r ||||||| ||bul|| | ||
| 010 | _aKNG00086929000 | ||
| 020 |
_a978-954-07-2576-5 _bиздат.: Унив. изд. Св. Климент Охридски |
||
| 040 | _aBLK | ||
| 041 |
_aBUL _cBUL |
||
| 080 |
_aРуска литература _b821.161.1 _x.09-94(092) _z821.161.1.09-94(092) |
||
| 080 |
_aИстория на Русия и СССР. Вж и 936 ; 957 _b94(470) _x(092) _z94(470)(092) |
||
| 080 |
_aСофия Фредерика Августа фон Анхалт-Цербст. Императрица на Русия _b929 Екатерина ІІ Велика _x _z929 Екатерина ІІ Велика |
||
| 100 | 1 |
_aВачева, Ангелина Иванова _eпърви автор _9300503 |
|
| 139 |
_aВачева, Ангелина Иванова _bВ 31 |
||
| 245 | 1 | 0 |
_aРоманът на императрицата _bРомановият дискурс в автобиограф. записки на Екатерина ІІ ; Ракурси на четене през втората половина на ХІХ в. _cАнгелина Иванова Вачева. |
| 257 | _aBGR | ||
| 260 |
_аСофия _bУнив. изд. Св. Климент Охридски _c2008 |
||
| 300 |
_a362 с. _bс ил. _c21 см |
||
| 380 | _a82 | ||
| 500 | _aБиблиогр. с. 324-342. - Списък на съкр. ; Списък на ил. ; Рез. на рус., англ. ез. ; Именен показалец. | ||
| 504 | _a324-342 | ||
| 600 | 1 | 4 |
_aЕкатерина ІІ Велика _9300504 |
| 650 | 4 |
_aМемоари _9161862 |
|
| 650 | 4 |
_aИмператори, руски _9285797 |
|
| 650 | 4 |
_aИстория - Русия _9249447 |
|
| 653 | _aмемоари | ||
| 653 | _aруска литература | ||
| 653 | _aимператори | ||
| 653 | _aбиографии | ||
| 852 | _aЦб 242156 | ||
| 856 | 4 |
_qpdf _u |
|
| 856 | 4 |
_qpdf _u |
|
| 942 |
_cKNG _n0 _01 |
||
| 944 |
_aCR _c16.12.2008 _lМинев Младен _k30530 |
||
| 944 |
_aED _c22.02.2018 _lф / _kГеновева_Генчева |
||
| 999 |
_c82398 _d82398 |
||